Die design handbook: a practical reference book on process analysis, product design, metal movements, materials, and proved die designs for every class of sheet-metal pressworking

Guardat en:
Dades bibliogràfiques
Autor principal: Wilson, Frank W (Autor)
Autor corporatiu: American Society of Tool Engineers (Autor), ASTE National Book Committee (Autor)
Format: Llibre
Idioma:anglès
Publicat: Nueva York McGraw-Hill 1955
Edició:1a. ed
Col·lecció:McGraw-Hill Handbooks
Matèries:
Etiquetes: Afegir etiqueta
Sense etiquetes, Sigues el primer a etiquetar aquest registre!

MARC

LEADER 00000nam a2200000 a 4500
001 UCK3784
003 CL-VaPUC
008 050506e19550000US |||||||||||||||||eng|d
082 0 4 |a 671.35  |b WIL  |2 21 
100 0 |a Wilson, Frank W  |e author  |9 492158 
110 2 |a American Society of Tool Engineers  |e author  |9 492159 
710 2 |a ASTE National Book Committee  |e author  |9 492160 
245 1 0 |a Die design handbook: a practical reference book on process analysis, product design, metal movements, materials, and proved die designs for every class of sheet-metal pressworking 
250 |a 1a. ed 
300 |a Pág. irreg 
942 |c BK 
945 |d 20050506 00:00:00  |a jcarroza 
260 |a Nueva York  |b McGraw-Hill  |c 1955 
650 7 |a MAQUINADO  |2 CL-VaPUC  |9 429973 
650 7 |a CORTE DE METALES  |2 CL-VaPUC  |9 428074 
583 |a last modification  |c 20050506 00:00:00  |k Rodrigo Vera 
490 0 |a McGraw-Hill Handbooks 
999 |c 312877  |d 312875